[Event "ENG-ch rapid (Women)"]
[Site "London"]
[Date "2019.12.07"]
[Round "4"]
[White "Ball, Katie C"]
[Black "Wang, Sophie"]
[Result "0-1"]
[WhiteElo "1276"]
[BlackElo "1171"]
[PlyCount "128"]
[EventDate "2019.12.07"]
[EventType "swiss (rapid)"]
[EventRounds "7"]
[EventCountry "ENG"]
[SourceTitle "CBM 195 Extra"]
[Source "ChessBase"]
[SourceDate "2020.05.31"]
[SourceVersion "1"]
[SourceVersionDate "2020.05.31"]
[SourceQuality "1"]

1. d4 Nf6 2. Bf4 g6 3. Nc3 Bg7 4. e4 d6 5. Qd2 0-0 6. 0-0-0 Nbd7 7. Be2 e5 8. dxe5 dxe5 9. Bxe5 Qe7 10. Bxc7 Nxe4 11. Nxe4 Qxe4 12. Nf3 Qc6 13. Bf4 Re8 14. Bd3 Nc5 15. Rhe1 Be6 16. Kb1 Qb6 17. c3 Rad8 18. Qc2 Nxd3 19. Rxd3 Bf5 20. Red1 Bxd3 21. Rxd3 Rxd3 22. Qxd3 Qd8 23. Qc2 Qe7 24. Be3 b6 25. Qa4 Qe4+ 26. Qxe4 Rxe4 27. Nd4 f5 28. Kc2 f4 29. Bd2 Bxd4 30. cxd4 Rxd4 31. Kc3 Re4 32. Kd3 Re7 33. Bxf4 Kf7 34. a3 Kf6 35. h4 Kf5 36. g3 Kg4 37. Be3 Rf7 38. Ke4 Kh3 39. Kd3 Kg2 40. Ke2 Rf3 41. Ke1 Rxe3+ 42. fxe3 Kxg3 43. Kd2 Kxh4 44. e4 Kg4 45. Kd3 h5 46. Kd4 h4 47. e5 Kf5 48. Kd5 h3 49. e6 h2 50. e7 h1Q+ 51. Kd6 Qe1 52. Kd7 g5 53. e8Q Qxe8+ 54. Kxe8 g4 55. Kd7 g3 56. Kc7 g2 57. Kb7 g1Q 58. Kxa7 Ke6 59. b4 Qa1 60. Kxb6 Qxa3 61. b5 Kd6 62. Kb7 Qc5 63. Ka6 Kc7 64. Ka5 Qa3# 0-1

[Event "ENG-ch rapid (Women)"]
[Site "London"]
[Date "2019.12.07"]
[Round "7"]
[White "Pert, Nina P"]
[Black "Wang, Sophie"]
[Result "1-0"]
[WhiteElo "1556"]
[BlackElo "1171"]
[PlyCount "83"]
[EventDate "2019.12.07"]
[EventType "swiss (rapid)"]
[EventRounds "7"]
[EventCountry "ENG"]
[SourceTitle "CBM 195 Extra"]
[Source "ChessBase"]
[SourceDate "2020.05.31"]
[SourceVersion "1"]
[SourceVersionDate "2020.05.31"]
[SourceQuality "1"]

1. e4 c6 2. d4 d5 3. e5 Bf5 4. h4 h6 5. g4 Bd7 6. Be3 e6 7. Bd3 Bb4+ 8. c3 Ba5 9. Nd2 Qc7 10. Ngf3 Ne7 11. a4 Bb6 12. Nb3 a5 13. g5 Ng8 14. g6 Bc8 15. h5 Kd8 16. Nh4 f6 17. Nf3 Nd7 18. Bf4 f5 19. c4 Ne7 20. Nbd2 Ba7 21. Bg3 Qb6 22. Qc2 Qc7 23. Rc1 Nb6 24. cxd5 Nbxd5 25. Nc4 Nb4 26. Qb3 Bd7 27. Nd6 Qb6 28. Nf7+ Kc7 29. Nxh8 Rxh8 30. Bc4 Ned5 31. Ng1 Kb8 32. Ne2 Re8 33. Nf4 Nxf4 34. Bxf4 Qxd4 35. Qf3 Qxb2 36. 0-0 Qd4 37. Rfd1 Qb6 38. Rxd7 Rd8 39. Rxg7 Kc8 40. Be3 c5 41. Bxe6+ Qxe6 42. Qxb7# 1-0

[Event "London Classic op U1600 11th"]
[Site "London"]
[Date "2019.12.01"]
[Round "4"]
[White "Wang, Sophie"]
[Black "Gillespie, Frank"]
[Result "0-1"]
[WhiteElo "1397"]
[BlackElo "1163"]
[PlyCount "104"]
[EventDate "2019.11.29"]
[EventType "swiss"]
[EventRounds "5"]
[EventCountry "ENG"]
[SourceTitle "CBM 195 Extra"]
[Source "ChessBase"]
[SourceDate "2020.05.31"]
[SourceVersion "1"]
[SourceVersionDate "2020.05.31"]
[SourceQuality "1"]

1. Nf3 c5 2. g3 Nc6 3. Bg2 d6 4. d3 g6 5. 0-0 Bg7 6. Nbd2 Nf6 7. c3 0-0 8. d4 cxd4 9. Nxd4 Bd7 10. N2b3 Rb8 11. a4 a6 12. a5 Qc7 13. Be3 Ne5 14. Nc2 Nc4 15. Qc1 Nxe3 16. Qxe3 Bc6 17. Bxc6 bxc6 18. Nb4 Nd5 19. Nxd5 cxd5 20. Ra3 Rb5 21. Qd3 Qc4 22. Qxc4 dxc4 23. Nd2 Rxb2 24. Nxc4 Rxe2 25. Rc1 Rc8 26. Nb6 Rc5 27. Kf1 Ree5 28. Nd7 Rxa5 29. Rxa5 Rxa5 30. c4 Ra1 31. Rxa1 Bxa1 32. Ke2 Bd4 33. f3 Ba7 34. Kd3 f6 35. Kc3 Kf7 36. Kb4 Ke8 37. Nxf6+ exf6 38. Ka5 Kd7 39. Kxa6 Bg1 40. h3 Kc6 41. Ka5 Kc5 42. Ka4 Kxc4 43. Ka3 Kc3 44. Ka2 Kc2 45. f4 d5 46. g4 d4 47. h4 d3 48. h5 d2 49. Ka3 d1Q 50. Kb4 Qd4+ 51. Kb5 Qc5+ 52. Ka6 Qb6# 0-1

[Event "Toronto NAYCC U14 Girls"]
[Site "Toronto"]
[Date "2013.08.17"]
[Round "7"]
[White "Serban, Diana"]
[Black "Wang, Sophie"]
[Result "1-0"]
[WhiteElo "1253"]
[BlackElo "1346"]
[PlyCount "93"]
[EventDate "2013.08.14"]
[EventType "swiss"]
[EventRounds "9"]
[EventCountry "CAN"]
[SourceTitle "EXT 2022"]
[Source "ChessBase"]
[SourceDate "2021.10.06"]
[SourceVersion "1"]
[SourceVersionDate "2021.10.06"]
[SourceQuality "1"]

1. d4 Nf6 2. c4 g6 3. Nc3 Bg7 4. e4 d6 5. Bg5 0-0 6. Be2 e5 7. dxe5 dxe5 8. Qxd8 Rxd8 9. Bxf6 Bxf6 10. Nd5 Nd7 11. Nxc7 Rb8 12. Nd5 Bg5 13. Nf3 Bh6 14. Rd1 Kg7 15. 0-0 Nc5 16. Bd3 Nxd3 17. Rxd3 Bg4 18. h3 Bxf3 19. Rxf3 Rbc8 20. Rc3 b6 21. f3 Rf8 22. Rf2 f5 23. exf5 gxf5 24. Re2 Rfe8 25. Ra3 Rxc4 26. Rxa7+ Kg6 27. Nxb6 Rd4 28. Ra4 Rb8 29. Rxd4 exd4 30. Nd7 Be3+ 31. Kf1 Re8 32. Nc5 Kf7 33. a4 Rb8 34. b3 Ke7 35. Rb2 Rd8 36. Ke2 f4 37. Kd3 Rd5 38. b4 Kd6 39. Ne4+ Ke7 40. b5 Rd8 41. b6 Rb8 42. a5 Kd7 43. a6 Kc6 44. a7 Ra8 45. b7 Rxa7 46. b8Q Ra3+ 47. Rb3 1-0

[Event "Toronto NAYCC U14 Girls"]
[Site "Toronto"]
[Date "2013.08.17"]
[Round "6"]
[White "Wang, Sophie"]
[Black "Roque Sola, Maria Fernanda"]
[Result "0-1"]
[WhiteElo "1346"]
[BlackElo "1544"]
[PlyCount "80"]
[EventDate "2013.08.14"]
[EventType "swiss"]
[EventRounds "9"]
[EventCountry "CAN"]
[SourceTitle "EXT 2022"]
[Source "ChessBase"]
[SourceDate "2021.10.06"]
[SourceVersion "1"]
[SourceVersionDate "2021.10.06"]
[SourceQuality "1"]

1. e4 c5 2. Nc3 Nc6 3. f4 g6 4. Nf3 Bg7 5. Bc4 d6 6. 0-0 Nf6 7. d3 0-0 8. Qe1 a6 9. a4 Nb4 10. Bb3 b5 11. axb5 Rb8 12. bxa6 Bxa6 13. Qe2 Qb6 14. Kh1 Ra8 15. Bd2 e6 16. Na4 Qb7 17. Bxb4 Qxb4 18. Qd2 Qb7 19. e5 dxe5 20. Nxc5 Qb6 21. Nxa6 e4 22. Ng5 Rxa6 23. Rxa6 Qxa6 24. Bc4 Qc6 25. b4 exd3 26. Qxd3 Rc8 27. Bb3 Rb8 28. c3 Nd5 29. Bxd5 exd5 30. Rf3 Rc8 31. b5 Qxc3 32. Qxc3 Bxc3 33. f5 Bf6 34. Nh3 Rc1+ 35. Ng1 Bd4 36. h3 Bxg1 37. fxg6 hxg6 38. Rb3 Bb6+ 39. Kh2 d4 40. Kg3 Rc3+ 0-1